[Event "KEN Nat Team Selection (Women)"]
[Site "Ruaraka"]
[Date "2023.01.28"]
[Round "9"]
[White "Jumba, Gloria"]
[Black "Muturi, Erica Mumbi"]
[Result "1-0"]
[WhiteElo "1595"]
[BlackElo "1015"]
[PlyCount "93"]
[EventDate "2023.01.20"]
[EventType "tourn"]
[EventRounds "11"]
[EventCountry "KEN"]
[SourceTitle "CBM 213 Extra"]
[Source "ChessBase"]
[SourceDate "2023.05.31"]
[SourceVersion "1"]
[SourceVersionDate "2023.05.31"]
[SourceQuality "1"]

1. d4 d5 2. Nf3 Nf6 3. g3 c6 4. Bg2 Bf5 5. 0-0 Qd7 6. Re1 Bh3 7. Bh1 h6 8. Nc3 e6 9. a3 Bd6 10. b3 0-0 11. Bb2 Ng4 12. e4 e5 13. exd5 cxd5 14. dxe5 Bc5 15. Nd4 Nc6 16. Nxd5 Ngxe5 17. Nxc6 bxc6 18. Rxe5 cxd5 19. Qxd5 Qxd5 20. Bxd5 Rac8 21. c4 a5 22. Bc3 Kh8 23. Bxa5 Bd4 24. Rae1 Bxe5 25. Rxe5 Rfe8 26. Rh5 Be6 27. Bf3 Rb8 28. Bb4 Red8 29. Be2 Kg8 30. Kf1 Bc8 31. Re5 Bb7 32. Re3 Re8 33. Rc3 Re6 34. Bg4 Rg6 35. Bf5 Rg5 36. Bc2 Re8 37. Bd1 Ree5 38. Rd3 Be4 39. Rd7 Bf5 40. f4 Re3 41. Rd4 Bd3+ 42. Kf2 Be2 43. Bc2 Rf3+ 44. Kg2 Bf1+ 45. Kxf3 Be2+ 46. Kf2 Bg4 47. Bd1 1-0

[Event "KEN-ch (Women)"]
[Site "Nairobi"]
[Date "2022.12.28"]
[Round "6"]
[White "Kimani, Wanjiru"]
[Black "Jumba, Gloria"]
[Result "1-0"]
[WhiteElo "1181"]
[BlackElo "1591"]
[PlyCount "117"]
[EventDate "2022.12.26"]
[EventType "swiss"]
[EventRounds "9"]
[EventCountry "KEN"]
[SourceTitle "EXT 2024"]
[Source "ChessBase"]
[SourceDate "2023.10.10"]
[SourceVersion "1"]
[SourceVersionDate "2023.10.10"]
[SourceQuality "1"]

1. d4 d5 2. c4 c6 3. Nf3 Nf6 4. Nc3 g6 5. Bf4 Bg7 6. e3 0-0 7. Bd3 Bg4 8. 0-0 Bxf3 9. Qxf3 e6 10. Bg5 Nbd7 11. cxd5 exd5 12. Rad1 Qb6 13. Qe2 Rfe8 14. Qc2 Rac8 15. Ne2 Ne4 16. Bxe4 Rxe4 17. Nc3 Re6 18. Nxd5 Qa5 19. Ne7+ Kh8 20. Nxc8 Qxg5 21. Nxa7 Qa5 22. Nxc6 Rxc6 23. Qb3 Kg8 24. Qxb7 Rc7 25. Qb3 Qa6 26. Rc1 Rb7 27. Qd5 Nf8 28. Rc2 Rd7 29. Qc4 Qa5 30. a3 h5 31. Rfc1 Qg5 32. a4 h4 33. Qc5 Qg4 34. h3 Qe4 35. Qc6 Qd3 36. a5 Ra7 37. Qb6 Ra6 38. Qb4 g5 39. Qc4 Qg6 40. b4 Kh7 41. d5 f5 42. Qd3 Ra7 43. Rc6 Qf7 44. a6 Ng6 45. Qd1 Ne5 46. Re6 g4 47. hxg4 Nxg4 48. Qf3 Ne5 49. Qf4 Ng6 50. Qg5 Rd7 51. Qxg6+ Qxg6 52. Rxg6 Kxg6 53. Rc6+ Kf7 54. d6 Ke6 55. b5 Be5 56. b6 Rd8 57. a7 Kd7 58. b7 Bxd6 59. Rxd6+ 1-0

[Event "KEN-ch (Women)"]
[Site "Nairobi"]
[Date "2022.12.27"]
[Round "4"]
[White "Muthoni, Vivian"]
[Black "Jumba, Gloria"]
[Result "0-1"]
[WhiteElo "1128"]
[BlackElo "1591"]
[PlyCount "152"]
[EventDate "2022.12.26"]
[EventType "swiss"]
[EventRounds "9"]
[EventCountry "KEN"]
[SourceTitle "EXT 2024"]
[Source "ChessBase"]
[SourceDate "2023.10.10"]
[SourceVersion "1"]
[SourceVersionDate "2023.10.10"]
[SourceQuality "1"]

1. e4 e5 2. Nf3 Nf6 3. Nc3 Nc6 4. Bc4 Bc5 5. d3 h6 6. h3 d6 7. 0-0 Na5 8. Bb3 Nxb3 9. axb3 c6 10. Na2 0-0 11. b4 Bb6 12. c4 Re8 13. Nc3 d5 14. c5 Bc7 15. Qe1 d4 16. Ne2 Kh7 17. Ng3 g6 18. Nh2 Qe7 19. f3 Bd7 20. Qf2 b6 21. cxb6 axb6 22. Rxa8 Rxa8 23. Bd2 Kg7 24. f4 Ra2 25. Rb1 exf4 26. Bxf4 Bxf4 27. Qxf4 Qxb4 28. e5 Nd5 29. Qf2 Be6 30. Nf3 c5 31. Ne4 Qb5 32. Ne1 Qd7 33. Qg3 Qe7 34. Nf3 Kh7 35. Neg5+ Kg7 36. Nxe6+ Qxe6 37. h4 Qf5 38. Nh2 Ne3 39. Nf1 Qxd3 40. Qf2 Ng4 41. Qe1 Qf5 42. Ng3 Qxe5 43. Qxe5+ Nxe5 44. Ne4 Nc4 45. b4 Na3 46. Rb3 c4 47. Rf3 c3 48. Nxc3 dxc3 49. Rxc3 Nc2 50. b5 Nd4 51. Kh1 Nxb5 52. Rb3 Ra5 53. Kh2 Kf6 54. g3 h5 55. Kh3 Ke5 56. Rf3 f5 57. Re3+ Kd5 58. Re7 Ra4 59. Rf7 Nd6 60. Rb7 Rc4 61. Ra7 b5 62. Ra5 Ra4 63. Rxb5+ Nxb5 64. g4 Ra3+ 65. Kg2 fxg4 66. Kh2 Nd4 67. Kg2 Nf5 68. Kh2 Kd6 69. Kg2 Nxh4+ 70. Kh2 Nf5 71. Kg2 h4 72. Kh2 Ke5 73. Kg2 Ke4 74. Kh2 h3 75. Kh1 g3 76. Kg1 Ra1# 0-1

[Event "KEN-ch (Women)"]
[Site "Nairobi"]
[Date "2022.12.26"]
[Round "2"]
[White "Matei, Veronicah"]
[Black "Jumba, Gloria"]
[Result "1/2-1/2"]
[WhiteElo "1279"]
[BlackElo "1591"]
[PlyCount "94"]
[EventDate "2022.12.26"]
[EventType "swiss"]
[EventRounds "9"]
[EventCountry "KEN"]
[SourceTitle "EXT 2024"]
[Source "ChessBase"]
[SourceDate "2023.10.10"]
[SourceVersion "1"]
[SourceVersionDate "2023.10.10"]
[SourceQuality "1"]

1. e4 e5 2. Nc3 Nc6 3. Bc4 Nf6 4. d3 h6 5. a4 Bc5 6. Nge2 d6 7. 0-0 0-0 8. Bd2 Nd4 9. Nxd4 Bxd4 10. Rb1 b6 11. b4 Be6 12. Bxe6 fxe6 13. a5 a6 14. Qe2 Qe8 15. Nd1 Qh5 16. Qxh5 Nxh5 17. Be3 Nf4 18. g3 Ne2+ 19. Kg2 Nc3 20. Nxc3 Bxc3 21. Rb3 Bd4 22. Bxd4 exd4 23. f4 e5 24. Rbb1 Rf6 25. f5 Raf8 26. g4 g5 27. Rfe1 Re8 28. Kg3 Kg7 29. Re2 Rf7 30. h4 Kf6 31. Rh2 Rh7 32. Rbh1 gxh4+ 33. Rxh4 Reh8 34. Rh5 Kg7 35. g5 hxg5 36. f6+ Kg6 37. Rxh7 Rxh7 38. Rxh7 Kxh7 39. Kg4 Kg6 40. f7 Kxf7 41. Kxg5 Ke6 42. Kg6 Ke7 43. Kg7 d5 44. Kg6 Ke6 45. Kg7 Ke7 46. Kg6 Ke6 47. Kg7 Ke7 1/2-1/2

[Event "Mombasa (Women) op"]
[Site "Shanzu"]
[Date "2022.10.09"]
[Round "4"]
[White "Francisca, Kagwiria"]
[Black "Jumba, Gloria"]
[Result "0-1"]
[WhiteElo "1314"]
[BlackElo "1586"]
[PlyCount "102"]
[EventDate "2022.10.08"]
[EventType "swiss"]
[EventRounds "6"]
[EventCountry "KEN"]
[SourceTitle "EXT 2024"]
[Source "ChessBase"]
[SourceDate "2023.10.10"]
[SourceVersion "1"]
[SourceVersionDate "2023.10.10"]
[SourceQuality "1"]

1. e4 e5 2. Bc4 Bc5 3. d4 Bxd4 4. Nf3 Nc6 5. 0-0 h6 6. Nxd4 Nxd4 7. f4 Ne6 8. fxe5 Qe7 9. Nc3 Qc5+ 10. Kh1 Qxc4 11. Qf3 Nd8 12. Nd5 Ne7 13. b3 Qc6 14. Nb4 Qe6 15. Nd5 Qc6 16. Nb4 Qb6 17. c3 c6 18. Be3 Qc7 19. Bc5 Qxe5 20. Bd4 Qg5 21. Nd3 0-0 22. Be3 Qg6 23. Nf4 Qh7 24. Bc5 Re8 25. Bd6 Ng6 26. Nh5 Nf8 27. Bc7 Nfe6 28. Qg3 Qg6 29. Bxd8 Rxd8 30. Qf3 Ng5 31. Qe2 Qxe4 32. Qf2 Qg6 33. Nf4 Qf6 34. Qe3 Qd6 35. Rad1 Qc7 36. Qe7 Rf8 37. h4 Nh7 38. Ne6 fxe6 39. Rxf8+ Nxf8 40. Rf1 Qe5 41. Qxf8+ Kh7 42. Qf7 b6 43. h5 Qg5 44. Rf3 Ba6 45. c4 Rd8 46. Kh2 c5 47. g4 Qh4+ 48. Kg1 Qg5 49. Kh2 Bb7 50. Rf1 Qh4+ 51. Kg1 Qg3# 0-1

[Event "KEN-ch (Women)"]
[Site "Nairobi"]
[Date "2021.12.29"]
[Round "7"]
[White "Jumba, Gloria"]
[Black "Obondo, Cynthia Awino"]
[Result "1-0"]
[WhiteElo "1570"]
[BlackElo "1341"]
[PlyCount "119"]
[EventDate "2021.12.26"]
[EventType "swiss"]
[EventRounds "9"]
[EventCountry "KEN"]
[SourceTitle "EXT 2023"]
[Source "ChessBase"]
[SourceDate "2022.10.05"]
[SourceVersion "1"]
[SourceVersionDate "2022.10.05"]
[SourceQuality "1"]

1. d4 Nf6 2. c4 e6 3. Nf3 d5 4. g3 Be7 5. Bg2 c6 6. Qb3 Nbd7 7. 0-0 0-0 8. Nc3 Qb6 9. Qxb6 axb6 10. b3 Bd6 11. Bf4 Bb4 12. Bd2 Ba3 13. Bc1 Bb4 14. Bd2 Bd6 15. cxd5 exd5 16. Bh3 b5 17. Rfc1 Re8 18. e3 Nf8 19. Bxc8 Rexc8 20. Rc2 Ne6 21. Ne1 Ng5 22. f3 Re8 23. Kg2 h5 24. Nd3 g6 25. Nf2 Ne6 26. Nd3 Kg7 27. Re1 Nd7 28. h4 f5 29. Kf2 Re7 30. Rg1 Nf6 31. Rd1 Ra6 32. Ne2 Re8 33. Bb4 Bxb4 34. Nxb4 Ra3 35. Nf4 Nxf4 36. gxf4 Rg8 37. Rg1 Kf7 38. Nd3 Nd7 39. Ke1 Raa8 40. Kd1 Rge8 41. Kd2 Re6 42. Rgc1 Ree8 43. Ne5+ Nxe5 44. fxe5 Re6 45. Kc3 Ree8 46. Kb4 Ke7 47. Rg1 Kf7 48. Ra1 Ke7 49. a4 bxa4 50. Rxa4 Rxa4+ 51. bxa4 Kd7 52. a5 Kc7 53. Ra2 Ra8 54. Kc5 Re8 55. Rg2 Rg8 56. Ra2 Ra8 57. a6 Rxa6 58. Rxa6 bxa6 59. Kb4 Kb6 60. e6 1-0

[Event "KEN-ch (Women)"]
[Site "Nairobi"]
[Date "2021.12.27"]
[Round "3"]
[White "Jumba, Gloria"]
[Black "Ngima, Cheryl"]
[Result "1-0"]
[WhiteElo "1570"]
[BlackElo "1353"]
[PlyCount "79"]
[EventDate "2021.12.26"]
[EventType "swiss"]
[EventRounds "9"]
[EventCountry "KEN"]
[SourceTitle "EXT 2023"]
[Source "ChessBase"]
[SourceDate "2022.10.05"]
[SourceVersion "1"]
[SourceVersionDate "2022.10.05"]
[SourceQuality "1"]

1. d4 d5 2. Nf3 Nf6 3. g3 e6 4. Bg2 Be7 5. c4 c6 6. Qb3 0-0 7. 0-0 Nbd7 8. Nc3 Re8 9. Bf4 Nh5 10. Be3 Nhf6 11. Rad1 Qb6 12. Ne5 Qc7 13. Nd3 b6 14. Bf4 Bd6 15. Bxd6 Qxd6 16. Rfe1 Bb7 17. e3 e5 18. dxe5 Nxe5 19. Nxe5 Rxe5 20. cxd5 cxd5 21. Rd4 Rd8 22. Red1 Qc5 23. h3 Rc8 24. Nxd5 Nxd5 25. Bxd5 Bxd5 26. Rxd5 Rxd5 27. Qxd5 Qxd5 28. Rxd5 g6 29. Kf1 Rc7 30. Rb5 Kg7 31. a4 h5 32. a5 bxa5 33. Rxa5 Rb7 34. Ra4 Rxb2 35. Rxa7 Kf6 36. Kg2 Ke6 37. h4 f6 38. Rg7 Kf5 39. e4+ Ke5 40. Rxg6 1-0

[Event "KEN-ch (Women)"]
[Site "Nairobi"]
[Date "2021.12.27"]
[Round "4"]
[White "Ndirangu, Joyce Nyaruai"]
[Black "Jumba, Gloria"]
[Result "1-0"]
[WhiteElo "1675"]
[BlackElo "1570"]
[PlyCount "137"]
[EventDate "2021.12.26"]
[EventType "swiss"]
[EventRounds "9"]
[EventCountry "KEN"]
[SourceTitle "EXT 2023"]
[Source "ChessBase"]
[SourceDate "2022.10.05"]
[SourceVersion "1"]
[SourceVersionDate "2022.10.05"]
[SourceQuality "1"]

1. d4 d5 2. Nf3 Nf6 3. Bf4 Bf5 4. e3 e6 5. Nbd2 Bd6 6. Ne5 h6 7. Be2 c6 8. c3 Qc7 9. Qb3 0-0 10. c4 Bxe5 11. Bxe5 Qb6 12. c5 Qxb3 13. axb3 Nbd7 14. Bd6 Rfc8 15. b4 a6 16. 0-0 Re8 17. Ra3 e5 18. dxe5 Nxe5 19. Rfa1 Bd7 20. f3 Ng6 21. Kf2 Ne7 22. h3 Nf5 23. Bh2 g6 24. g4 Ng7 25. Nb3 Ne6 26. Na5 Bc8 27. Be5 Nd7 28. Bd6 Nf6 29. Bd3 Ng7 30. Nxc6 bxc6 31. b5 Bb7 32. bxa6 Bc8 33. b4 Bd7 34. a7 Re6 35. Bb8 Bc8 36. b5 Nd7 37. Bd6 Bb7 38. e4 cxb5 39. Bxb5 Ne5 40. f4 Nc4 41. Bxc4 dxc4 42. e5 Ree8 43. Ke3 f6 44. Rb1 Bc6 45. Rb6 Bg2 46. h4 fxe5 47. fxe5 Ne6 48. Rb8 Rc8 49. Ra2 Bd5 50. Rab2 Kf7 51. Rxc8 Rxc8 52. Rb8 Rd8 53. Kd2 Ke8 54. Kc3 Kd7 55. Kb4 Nd4 56. Kc3 Ne6 57. Rb1 g5 58. h5 Rc8 59. Ra1 Ra8 60. Rf1 Nf4 61. Ra1 Rc8 62. Bb8 Rxc5 63. a8Q Bxa8 64. Rxa8 Rc8 65. Ra7+ Ke8 66. Bd6 Nd5+ 67. Kd4 Nb6 68. Rh7 c3 69. e6 1-0

[Event "KEN-ch (Women)"]
[Site "Nairobi"]
[Date "2021.12.26"]
[Round "1"]
[White "Jumba, Gloria"]
[Black "Kimwere, Annete"]
[Result "1-0"]
[WhiteElo "1570"]
[BlackElo "1030"]
[PlyCount "81"]
[EventDate "2021.12.26"]
[EventType "swiss"]
[EventRounds "9"]
[EventCountry "KEN"]
[SourceTitle "EXT 2023"]
[Source "ChessBase"]
[SourceDate "2022.10.05"]
[SourceVersion "1"]
[SourceVersionDate "2022.10.05"]
[SourceQuality "1"]

1. d4 Nf6 2. Nf3 g6 3. Bf4 Bg7 4. h3 0-0 5. e3 d6 6. Be2 Nbd7 7. 0-0 Re8 8. c4 e5 9. dxe5 dxe5 10. Nxe5 Nh5 11. Nd3 Nxf4 12. exf4 f5 13. Qc2 Nf6 14. Nc3 Ne4 15. Nd5 g5 16. fxg5 Nxg5 17. N5f4 Re7 18. Rfe1 Bd4 19. Rad1 Qd6 20. c5 Bxf2+ 21. Nxf2 Qxf4 22. Bc4+ Be6 23. Bxe6+ Rxe6 24. Qb3 Rae8 25. Rd7 Kf8 26. Rf1 Rg6 27. Kh1 Ne6 28. Qd5 Re7 29. Rxe7 Kxe7 30. Qxb7 Qg3 31. b4 Nf4 32. Qf3 Nxg2 33. Qxg3 Rxg3 34. Rg1 Ke6 35. Rxg2 Rxg2 36. Kxg2 Ke5 37. Kf3 Kd4 38. Kf4 Kc3 39. a3 Kb3 40. Kxf5 Kxa3 41. Nd3 1-0

[Event "Olympiad Women-43"]
[Site "Batumi"]
[Date "2018.09.30"]
[Round "6.62"]
[White "Jumba, Gloria"]
[Black "Razafindrabiaza, Christine"]
[Result "1/2-1/2"]
[WhiteElo "1598"]
[BlackElo "1668"]
[PlyCount "100"]
[EventDate "2018.09.24"]
[EventType "team-swiss"]
[EventRounds "11"]
[EventCountry "GEO"]
[SourceTitle "EXT 2020"]
[Source "ChessBase"]
[SourceDate "2019.10.17"]
[SourceVersion "1"]
[SourceVersionDate "2019.10.17"]
[SourceQuality "1"]
[WhiteTeam "Kenya (W)"]
[BlackTeam "Madagascar (W)"]
[WhiteTeamCountry "KEN"]
[BlackTeamCountry "MAD"]

1. d4 d5 2. Nf3 Nf6 3. g3 e6 4. Bg2 Bd6 5. 0-0 0-0 6. Nbd2 c5 7. c3 Nc6 8. Re1 cxd4 9. cxd4 h6 10. b3 e5 11. dxe5 Nxe5 12. Bb2 Re8 13. Nd4 a6 14. a3 Rb8 15. N2f3 Bg4 16. Nxe5 Bxe5 17. Qd3 Qb6 18. e3 Rbd8 19. b4 Bh5 20. Rac1 Bg6 21. Qb3 Be4 22. f3 Bg6 23. Bf1 Qd6 24. f4 Bxd4 25. exd4 Be4 26. b5 Rc8 27. a4 Qe6 28. Rxc8 Rxc8 29. Rc1 Re8 30. bxa6 bxa6 31. a5 Qd6 32. Ba3 Qe6 33. h3 Qf5 34. Kh2 Qh5 35. Re1 Rc8 36. Bc5 Qg6 37. Re3 Nh5 38. Bd3 Re8 39. Bf1 Qf6 40. Bd3 Qg6 41. Bxe4 Rxe4 42. Qd3 Rxe3 43. Qxe3 Qc2+ 44. Kg1 Nf6 45. Bb6 Ne4 46. f5 Qd1+ 47. Kg2 Qc2+ 48. Kg1 Qd1+ 49. Kg2 Qc2+ 50. Kg1 Qd1+ 1/2-1/2

[Event "Olympiad Women-43"]
[Site "Batumi"]
[Date "2018.09.25"]
[Round "2.45"]
[White "Castillo Morales, Thais"]
[Black "Jumba, Gloria"]
[Result "1-0"]
[WhiteElo "1925"]
[BlackElo "1598"]
[PlyCount "67"]
[EventDate "2018.09.24"]
[EventType "team-swiss"]
[EventRounds "11"]
[EventCountry "GEO"]
[SourceTitle "EXT 2020"]
[Source "ChessBase"]
[SourceDate "2019.10.17"]
[SourceVersion "1"]
[SourceVersionDate "2019.10.17"]
[SourceQuality "1"]
[WhiteTeam "Costa Rica (W)"]
[BlackTeam "Kenya (W)"]
[WhiteTeamCountry "CRI"]
[BlackTeamCountry "KEN"]

1. c4 c5 2. e4 Nc6 3. Ne2 Nf6 4. Nbc3 g6 5. d3 Bg7 6. g3 d6 7. Bg2 0-0 8. 0-0 e5 9. h3 Nd7 10. Nd5 f5 11. exf5 gxf5 12. Nec3 a6 13. Rb1 Rb8 14. a4 h6 15. Qh5 Nf6 16. Qg6 Ne7 17. Nxe7+ Qxe7 18. Bxh6 Qf7 19. Qg5 Be6 20. b3 Kh7 21. Bxg7 Qxg7 22. Qxg7+ Kxg7 23. Rbe1 Ng8 24. f4 Kf6 25. fxe5+ dxe5 26. Ne4+ Ke7 27. Nxc5 Kd6 28. d4 Bc8 29. Rxe5 Ne7 30. Rfe1 Nc6 31. Bxc6 bxc6 32. Re7 Rf6 33. R1e5 f4 34. Ne4# 1-0

[Event "Meru op"]
[Site "Meru"]
[Date "2018.06.30"]
[Round "4"]
[White "Jumba, Gloria"]
[Black "Mwangi, John Milton Kihara"]
[Result "1/2-1/2"]
[WhiteElo "1553"]
[BlackElo "1717"]
[PlyCount "106"]
[EventDate "2018.06.30"]
[EventType "swiss"]
[EventRounds "6"]
[EventCountry "KEN"]
[SourceTitle "EXT 2019"]
[Source "ChessBase"]
[SourceDate "2018.10.10"]
[SourceVersion "1"]
[SourceVersionDate "2018.10.10"]
[SourceQuality "1"]

1. d4 Nf6 2. Nf3 e6 3. g3 d5 4. Bg2 c5 5. c3 Nc6 6. 0-0 Bd6 7. Nbd2 e5 8. dxe5 Nxe5 9. Nxe5 Bxe5 10. Nf3 Bd6 11. Bg5 Be6 12. Bxf6 Qxf6 13. Qd3 Rd8 14. Rad1 0-0 15. Rfe1 b6 16. a3 Bf5 17. Qa6 Bb8 18. Rd2 Be4 19. Red1 Rd7 20. Bh3 Re7 21. Bg2 Qc6 22. b4 f5 23. Ne1 f4 24. f3 Bf5 25. g4 Bg6 26. Bf1 Be5 27. Rc1 Rd8 28. Nd3 Bd6 29. b5 Qd7 30. Qa4 Qe6 31. Kg2 Qe3 32. Rcd1 c4 33. Nb4 Bc5 34. Rd4 Bxd4 35. Rxd4 Qxc3 36. Rxd5 Red7 37. Rxd7 Rxd7 38. Nc6 Qb3 39. Qa6 Qd1 40. Qc8+ Kf7 41. Ne5+ Ke7 42. Nxd7 Qxd7 43. Qxc4 Qd6 44. a4 h6 45. h4 Kf8 46. h5 Be8 47. Qe4 Qf6 48. e3 fxe3 49. Qxe3 Qb2+ 50. Kg3 Qf6 51. Bc4 Qd6+ 52. Qf4+ Ke7 53. Qxd6+ Kxd6 1/2-1/2

[Event "Meru op"]
[Site "Meru"]
[Date "2018.06.30"]
[Round "5"]
[White "Nyaga, James Kabui"]
[Black "Jumba, Gloria"]
[Result "0-1"]
[WhiteElo "1745"]
[BlackElo "1553"]
[PlyCount "115"]
[EventDate "2018.06.30"]
[EventType "swiss"]
[EventRounds "6"]
[EventCountry "KEN"]
[SourceTitle "EXT 2019"]
[Source "ChessBase"]
[SourceDate "2018.10.10"]
[SourceVersion "1"]
[SourceVersionDate "2018.10.10"]
[SourceQuality "1"]

1. c4 c5 2. Nc3 Nc6 3. e4 d6 4. f4 Nf6 5. d3 g6 6. Nf3 Bg4 7. Be2 Bg7 8. 0-0 0-0 9. Be3 Bxf3 10. Bxf3 e6 11. Rc1 Qc7 12. g3 Rad8 13. e5 dxe5 14. Bxc5 Rfe8 15. Nb5 Qb8 16. fxe5 Qxe5 17. d4 Qe3+ 18. Kg2 Rd7 19. Rc3 Qg5 20. h4 Qh6 21. Bd6 Nh5 22. g4 Nf4+ 23. Kg3 g5 24. Rh1 Ng6 25. hxg5 Qxg5 26. Rh5 Qd8 27. c5 a6 28. Bxc6 bxc6 29. Na3 Rxd6 30. cxd6 Qxd6+ 31. Kf3 Qf4+ 32. Kg2 Qe4+ 33. Kf1 Bxd4 34. Qf3 Qxf3+ 35. Rxf3 Bxb2 36. Nc4 Bd4 37. Nd6 Re7 38. g5 Be5 39. Ne4 Kg7 40. Nf6 Nf8 41. Kg2 Rb7 42. Ng4 Bd4 43. Kg3 c5 44. Nf6 Rb1 45. Rh4 Be5+ 46. Kg2 Rb2+ 47. Rf2 Rb5 48. Ra4 a5 49. Ne8+ Kg6 50. Re2 Bb8 51. Rf2 Be5 52. Re2 Bb8 53. Nf6 Bc7 54. Rc4 Bd8 55. Ne4 Be7 56. Rd2 Rb4 57. Rxb4 axb4 58. Kf3 0-1

[Event "Meru op"]
[Site "Meru"]
[Date "2018.06.30"]
[Round "6"]
[White "Ricky, Sang"]
[Black "Jumba, Gloria"]
[Result "1-0"]
[WhiteElo "1966"]
[BlackElo "1553"]
[PlyCount "68"]
[EventDate "2018.06.30"]
[EventType "swiss"]
[EventRounds "6"]
[EventCountry "KEN"]
[SourceTitle "EXT 2019"]
[Source "ChessBase"]
[SourceDate "2018.10.10"]
[SourceVersion "1"]
[SourceVersionDate "2018.10.10"]
[SourceQuality "1"]

1. e4 c5 2. Nf3 Nc6 3. c3 d6 4. d4 cxd4 5. cxd4 Bg4 6. Be2 Nf6 7. Nc3 a6 8. a4 e6 9. Be3 Be7 10. 0-0 0-0 11. Qd3 Bxf3 12. Bxf3 Rc8 13. Rfe1 Qc7 14. Rac1 Qb8 15. g4 Rfd8 16. h4 e5 17. d5 Nb4 18. Qd2 b5 19. a5 Nd7 20. Ne2 Rc4 21. b3 Rxc1 22. Nxc1 Nxd5 23. Qxd5 Qc7 24. b4 Nf6 25. Qd2 d5 26. exd5 Qd7 27. Bb6 Rc8 28. g5 Ne8 29. Bg2 Rc4 30. Re4 Bxb4 31. Qd1 Rxe4 32. Bxe4 Qh3 33. Nd3 Bc3 34. h5 Nd6 1-0

[Event "Olympiad Women-42"]
[Site "Baku"]
[Date "2016.09.08"]
[Round "6.1"]
[White "Jumba, Gloria"]
[Black "Shahudha, Mohammed"]
[Result "1-0"]
[WhiteElo "1591"]
[BlackElo "1022"]
[PlyCount "91"]
[EventDate "2016.09.02"]
[EventType "team-swiss"]
[EventRounds "11"]
[EventCountry "AZE"]
[SourceTitle "CBM 174 Extra"]
[Source "ChessBase"]
[SourceDate "2016.10.10"]
[SourceVersion "1"]
[SourceVersionDate "2016.10.10"]
[SourceQuality "1"]
[WhiteTeam "Kenya (W)"]
[BlackTeam "Maldives (W)"]
[WhiteTeamCountry "KEN"]
[BlackTeamCountry "MDV"]

1. d4 d5 2. Nf3 Nc6 3. c4 e6 4. e3 Nf6 5. Bd3 Be7 6. 0-0 0-0 7. Nc3 a6 8. a3 Bd7 9. Qc2 g6 10. Bd2 Rb8 11. c5 Qc8 12. e4 dxe4 13. Nxe4 Nxe4 14. Bxe4 Bf6 15. Bc3 Qe8 16. Qe2 e5 17. Bxc6 Bxc6 18. dxe5 Rd8 19. Rfe1 Bg7 20. Qe3 Qe6 21. Nd4 Qd5 22. Nxc6 Qxc6 23. Rad1 Rd5 24. f4 Rfd8 25. Rxd5 Rxd5 26. b4 Qd7 27. e6 fxe6 28. Bxg7 Kxg7 29. Qxe6 Qxe6 30. Rxe6 Rd7 31. Kf2 Kf7 32. Re3 b6 33. cxb6 c6 34. Rc3 a5 35. bxa5 Rd2+ 36. Kf3 Rb2 37. Rxc6 Rb3+ 38. Ke4 Rxa3 39. b7 Rb3 40. Rb6 Rxb6 41. axb6 Ke6 42. b8Q h5 43. Qe5+ Kf7 44. b7 Kg8 45. b8Q+ Kh7 46. Qbh8# 1-0

[Event "Olympiad Women-41"]
[Site "Tromsoe"]
[Date "2014.08.11"]
[Round "9.1"]
[White "Lyons, Kieran"]
[Black "Jumba, Gloria"]
[Result "1-0"]
[WhiteElo "1811"]
[BlackElo "1507"]
[PlyCount "51"]
[EventDate "2014.08.02"]
[EventType "team-swiss"]
[EventRounds "11"]
[EventCountry "NOR"]
[SourceTitle "CBM 162"]
[Source "ChessBase"]
[SourceDate "2014.09.17"]
[SourceVersion "1"]
[SourceVersionDate "2014.09.17"]
[SourceQuality "1"]
[WhiteTeam "Fiji (W)"]
[BlackTeam "Kenya (W)"]
[WhiteTeamCountry "FIJ"]
[BlackTeamCountry "KEN"]

1. e4 e5 2. Nf3 Nf6 3. Nxe5 d6 4. Nf3 Nxe4 5. Bc4 d5 6. Bb3 Be7 7. d3 Nf6 8. Bf4 Nc6 9. Nc3 a6 10. 0-0 0-0 11. Re1 Bg4 12. h3 d4 13. Ne4 Bh5 14. Ng3 Bg6 15. Nh4 Kh8 16. a3 Bd6 17. Qf3 Bxf4 18. Qxf4 Nh5 19. Nxh5 Bxh5 20. Nf3 Bxf3 21. Qxf3 Qd7 22. Re4 Rae8 23. Rae1 Rxe4 24. Rxe4 f5 25. Rh4 Qe7 26. Rxh7+ 1-0

[Event "Olympiad Women-41"]
[Site "Tromsoe"]
[Date "2014.08.03"]
[Round "2.1"]
[White "Jumba, Gloria"]
[Black "Steil Antoni, Fiona"]
[Result "0-1"]
[WhiteElo "1507"]
[BlackElo "2112"]
[PlyCount "102"]
[EventDate "2014.08.02"]
[EventType "team-swiss"]
[EventRounds "11"]
[EventCountry "NOR"]
[SourceTitle "CBM 162"]
[Source "ChessBase"]
[SourceDate "2014.09.17"]
[SourceVersion "1"]
[SourceVersionDate "2014.09.17"]
[SourceQuality "1"]
[WhiteTeam "Kenya (W)"]
[BlackTeam "Luxembourg (W)"]
[WhiteTeamCountry "KEN"]
[BlackTeamCountry "LUX"]

1. d4 d6 2. c4 g6 3. Nc3 Bg7 4. Nf3 Bg4 5. e3 Nd7 6. Be2 c6 7. h3 Bxf3 8. Bxf3 e5 9. d5 c5 10. e4 Ne7 11. Nb5 Nb6 12. b3 0-0 13. 0-0 h6 14. Bb2 Kh7 15. g3 f5 16. Bg2 f4 17. Na3 g5 18. Nc2 Ng6 19. Ne1 Nd7 20. Kh2 Nf6 21. Bf3 Qe8 22. Qe2 Qd7 23. g4 Rf7 24. Ng2 Rh8 25. Rh1 Kg8 26. Kg1 Bf8 27. h4 Nxh4 28. Nxh4 gxh4 29. Rxh4 Rg7 30. Kh2 Be7 31. Rh3 Nxg4+ 32. Bxg4 Qxg4 33. Qxg4 Rxg4 34. Rg1 Rxg1 35. Kxg1 Kf7 36. Rh5 Bg5 37. Kg2 a6 38. Rh3 b5 39. Bc3 b4 40. Be1 a5 41. f3 Kg6 42. Bf2 a4 43. Rh1 axb3 44. axb3 Ra8 45. Rb1 Ra2 46. Kf1 h5 47. Rd1 h4 48. Be1 h3 49. Rd2 Ra1 50. Rh2 Bh4 51. Re2 Bxe1 0-1